| 000 | 00762cam a22002651 4500 | ||
|---|---|---|---|
| 001 | 24272 | ||
| 003 | BD-RjUL | ||
| 005 | 20211209001029.0 | ||
| 008 | 140313s1958 nyua 001 0beng | ||
| 035 | _a(BD-RjUL)24338 | ||
| 035 | _a(OCoLC)2207253 | ||
| 040 |
_aDLC _cTxU-Da _dOCoLC _dDLC _dBD-RjUL _beng |
||
| 041 | _aeng | ||
| 082 | 0 | 0 |
_a923.242 _bBRW 1958 |
| 100 | 1 |
_aBroad, C. Lewis _q(Charlie Lewis), _d1900- _974762 |
|
| 245 | 1 | 0 |
_aWinston Churchill : _ba biography / _cLewis Broad. |
| 250 | _a1st ed. | ||
| 260 |
_aNew York : _bHawthorn Books, _c1958. |
||
| 300 |
_a446 p. : _billus. ; _c24 cm. |
||
| 504 | _aIncludes index. | ||
| 600 | 1 | 0 |
_aChurchill, Winston, _d1874-1965. _951096 |
| 942 |
_2ddc _cBK |
||
| 999 |
_c24272 _d24272 |
||